Common sense discipline: (Record no. 14740)

000 -LEADER
fixed length control field 00703nam a2200217 a 4500
001 - CONTROL NUMBER
control field :::00012574$&:&@@
003 - CONTROL NUMBER IDENTIFIER
control field OkBaRHE
005 - DATE AND TIME OF LATEST TRANSACTION
control field 20000607103420.0
008 - FIXED-LENGTH DATA ELEMENTS--GENERAL INFORMATION
fixed length control field s1986 j 000 0 eng u
040 ## - CATALOGING SOURCE
Transcribing agency
100 1# - MAIN ENTRY--PERSONAL NAME
Personal name Allen, Roger, 1945-
245 10 - TITLE STATEMENT
Title Common sense discipline:
Remainder of title what to say and do when kids need help.
Statement of responsibility, etc Roger Allen and Ron Rose.
260 ## - PUBLICATION, DISTRIBUTION, ETC. (IMPRINT)
Place of publication, distribution, etc Ft. Worth, TX., :
Name of publisher, distributor, etc Sweet Pub.
Date of publication, distribution, etc c1986
300 ## - PHYSICAL DESCRIPTION
Extent 238 p. : illus. ;
Dimensions 24 cm.
650 ## - SUBJECT ADDED ENTRY--TOPICAL TERM
Topical term or geographic name as entry element Child Psychology
650 ## - SUBJECT ADDED ENTRY--TOPICAL TERM
Topical term or geographic name as entry element Discipline Of Children
650 ## - SUBJECT ADDED ENTRY--TOPICAL TERM
Topical term or geographic name as entry element Parenting
700 ## - ADDED ENTRY--PERSONAL NAME
Personal name Rose, Ron.
942 ## - ADDED ENTRY ELEMENTS (KOHA)
Source of classification or shelving scheme
Koha item type Books
Copies
Price effective from Copy number Date last seen Not for loan Date acquired Permanent Location Withdrawn status Shelving location Lost status Barcode Damaged status Full call number Source of classification or shelving scheme Koha item type
2010-04-1412010-04-14 2010-04-14RHEMA Bible Training College General Stacks 12574 HQ 770.4 .A45 Books